| 000 | 00844nam a22002177a 4500 | ||
|---|---|---|---|
| 005 | 20240530110551.0 | ||
| 008 | 160714s2014 ua a f b 000 0 ara d | ||
| 017 |
_a2014/24086 _bمصر . دار الكتب المصرية |
||
| 020 | _a9789777220446 | ||
| 040 | _aEG-CaGPL | ||
| 082 | 0 | 4 |
_221 _a371.91\ _bم د |
| 100 | 0 | _aمحمد صادق اسماعيل | |
| 245 | 1 | 0 |
_aدمج ذوى الاحتياجات الخاصة فى التعليم العام / _cمحمد صادق اسماعيل |
| 250 | _aط. 1 | ||
| 260 |
_aالقاهرة : _bالمجموعة العربية للتدريب و النشر ، _c2014 . |
||
| 300 |
_a167 ص. : _bجداول ؛ _c24 سم . |
||
| 504 | _aيشتمل على ارجاعات ببليوجرافية | ||
| 650 | 0 | 4 |
_aالمعاقون _xتعليم |
| 650 | 0 | 4 | _aالتربية الخاصة |
| 942 |
_2ddc _cBK |
||
| 999 |
_c62453 _d62453 |
||